000 00859pam a2200277 a 4500
001 1477034
003 OSt
005 20161027151941.0
008 870403s1987 enka b 000 0 eng
010 _a 87010364
020 _a0521343127
040 _aDLC
_cDLC
_dDLC
050 0 0 _aQC178
_b.T47 1987
082 0 0 _a531.14
_219
_bTHR 1987
100 _aEdited by S.W. Hawking, W. Israel.
_911257
245 0 0 _aThree Hundred Years of Gravitation
260 _bCambridge University Press,
_c1987.
300 _axiii, 684 p. :
_bill. ;
_c26 cm.
504 _aIncludes bibliographies.
650 0 _aGravitation.
_97985
650 0 _aAstrophysics.
_97955
740 0 _a300 years of gravitation.
856 4 1 _3Table of contents
_uhttp://www.loc.gov/catdir/toc/cam032/87010364.html
906 _a7
_bcbc
_corignew
_d1
_eocip
_f19
_gy-gencatlg
942 _2ddc
_cSLOAN
999 _c3798
_d3798